000 00298nam a22001337a 4500
008 170303b xxu||||| |||| 00| 0 eng d
020 _a9783540428749
041 _aeng
080 _a616.073
100 _a6
101 _aSHM
245 _a3D CONTRAST MR ANGIOGRAPHY
_cPRINCE, M.R
942 _2udc
_cBK
999 _c6659
_d6659